000 00966nam a22002297a 4500
003 OSt
005 20251008170643.0
008 240130b ||||| |||| 00| 0 eng d
040 _c0
082 _aDPer 621.317 Ie21 January 2022 v. 37 n. 1
100 _aChu, Sung Yul.
_eauthor.
_950954
245 _aElectromagnetic model-based foreign object detection for wireless power transfer /
_cSung Yul Chu, Xin Zan, and Al-Thaddeus Avestruz.
260 _aNew York ;
_bThe Institute of Electrical and Electronics Engineers, Inc. ,
_cJanuary 2022.
300 _aVolume 37, pages 100-113 :
_billustration ;
_c28 cm.
500 _aIEEE Transactions on Power Electronic, v. 37 n. 1, pages 100-113, January 2022.
650 0 _aCurrent measurement.
_965721
650 0 _aVoltage measurement.
_965722
650 0 _aWireless power transfer (WPT).
_965724
700 _aChu, Sung Yul.
_eauthor.
_950954
700 _aAvestruz, Al-Thaddeus.
_eauthor.
_950955
942 _2ddc
_cPER
999 _c18812
_d18812